[Event "Nordic Grand Prix"]
[Site "Torshavn"]
[Date "1997.??.??"]
[Round "3"]
[White "Schandorff, Lars"]
[Black "Svidler, Peter"]
[Result "0-1"]
[WhiteElo "2510"]
[BlackElo "2640"]

1.d4 Nf6 2.c4 g6 3.Nc3 Bg7 4.e4 d6 5.Nf3 O-O 6.Be2 Nbd7 7.O-O e5 8.Be3 Qe7
9.Qc2 Ng4 10.Bg5 f6 11.Bd2 c6 12.h3 Nh6 13.Rad1 f5 14.Bg5 Qe8 15.dxe5 dxe5
16.exf5 gxf5 17.Rfe1 e4 18.Nh2 Qg6 19.Bf4 Nf7 20.Nf1 Nc5 21.Ng3 Ne6 22.Bh5 Qf6
23.Bc1 Ne5 24.Be2 Qh4 25.Bf1 Nc5 26.Na4 Ncd3 27.Bxd3 Nxd3 28.Rxd3 exd3 29.Qxd3 f4
30.Re4 Bf5 31.Nxf5 Rxf5 32.Qf3 Raf8 33.Nc3 Re5 34.Rxe5 Bxe5 35.Ne4 Qh6 36.b3 Qg6
37.Bd2 Re8 38.Nc5 Rd8 39.Bxf4 Rf8 40.Nd3 Bg7 41.Qe3 Rd8 42.Ne5 Qe6 43.Bg3 h5
44.h4 Re8 45.f4 a6 46.Kh2 Re7 47.Qd3 Bxe5 48.fxe5 Rg7 49.Qd8+ Kf7 50.Qd3 Qg6
51.Qe3 Ke6 52.Qf3 Rf7 53.Qe3 Rd7 54.Qe2 Rd3 55.Bf4 Qf5 56.Bg3 Ke7 57.Qe1 Ke6
58.Qe2 a5 59.Qe1 a4 60.bxa4 Rd7 61.Qe3 Qg6 62.Qe2 Rd3 63.Bf4 Rc3 64.a5 Rc2
65.Qf3 Qg4 66.Qf1 Qe2 67.Qh1 Qxc4  0-1

[Event "Nordic Grand Prix"]
[Site "Torshavn"]
[Date "1997.??.??"]
[Round "8"]
[White "Nilssen, John Arni"]
[Black "Westerinen, Heikki MJ"]
[Result "1-0"]
[WhiteElo "2305"]
[BlackElo "2425"]

1.d4 Nf6 2.c4 g6 3.Nc3 Bg7 4.e4 d6 5.Nf3 O-O 6.Be2 e5 7.O-O exd4 8.Nxd4 Re8
9.f3 Nc6 10.Be3 Nh5 11.Qd2 Nxd4 12.Bxd4 Nf4 13.g3 Bxd4+ 14.Qxd4 Qg5 15.Rfd1 b6
16.Kh1 Nxe2 17.Nxe2 Bb7 18.Nc3 Re6 19.Qf2 f5 20.Nd5 fxe4 21.Nxc7 Rf6 22.Nxa8 Bxa8
23.h4 Qe5 24.Re1 Qf5 25.Kh2 g5 26.Qe3 gxh4 27.fxe4 Bxe4 28.gxh4 Bc6 29.Rg1+ Kf7
30.Raf1 Bf3 31.Rg3 Qc2+ 32.Rf2 Qxc4 33.Rfxf3  1-0

[Event "Jarleslaget op"]
[Site "Trondheim"]
[Date "1997.??.??"]
[Round "7"]
[White "Djurhuus, Rune"]
[Black "Westerinen, Heikki MJ"]
[Result "1/2-1/2"]
[WhiteElo "2525"]
[BlackElo "2410"]

1.d4 Nf6 2.c4 g6 3.Nc3 Bg7 4.e4 d6 5.Be2 O-O 6.Nf3 e5 7.O-O exd4 8.Nxd4 Re8
9.f3 Nc6 10.Nc2 Nd7 11.Be3 Nc5 12.Qd2 a5 13.Rad1 Be6 14.b3 Qe7 15.Nd5 Bxd5
16.cxd5 Nb4 17.Bb5 Rec8 18.Nd4 c6 19.dxc6 bxc6 20.Bc4 d5 21.exd5 cxd5 22.Bb5 Qb7
23.Rfe1 Ne6 24.a4 Nxd4 25.Bxd4 Bxd4+ 26.Qxd4 Nc2 27.Qd2 Nxe1 28.Rxe1 Qb6+
29.Kh1 Qc5 30.h3 Ra7 31.Rd1 Re7 32.Qxa5 Qc2 33.Qd2 Qxb3 34.Kh2 Re5 35.Qd4 Qc3
36.f4 Re4 37.Qxc3 Rxc3 38.Rxd5 Rxf4 39.a5 Ra3 40.a6 Rf2 41.Bc4 Rf4 42.Rc5 Ra4
43.Bb5 Ra5 44.Rc7 Rxb5 45.a7 Ra4 46.Rc8+ Kg7 47.a8=Q Rxa8 48.Rxa8 h5 49.h4 Rb3
50.g3 Kf6 51.Ra7 Re3 52.Kh3 Re7 53.Ra5 Re2 54.Ra7 Rf2 55.Ra6+ Ke5 56.Ra5+ Kf6
57.Ra6+ Kg7 58.Ra7 Re2 59.Rb7 Kf6 60.Ra7 Ke6 61.Ra6+ Kf5 62.Ra7 f6 63.Ra6 g5
64.hxg5 fxg5 65.g4+ hxg4+ 66.Kg3 Re3+ 67.Kg2 Re6 68.Ra8 Rd6 69.Kg3 Rd3+ 70.Kg2 g3
71.Ra4 Re3 72.Rb4 Ra3 73.Rc4 Kg6 74.Rg4  1/2-1/2

[Event "Ubeda op"]
[Site "Ubeda"]
[Date "1997.??.??"]
[Round "3"]
[White "Gofshtein, Leonid D"]
[Black "Relange, Eloi"]
[Result "1-0"]
[WhiteElo "2530"]
[BlackElo "2480"]

1.d4 Nf6 2.c4 g6 3.Nf3 Bg7 4.Nc3 O-O 5.e4 d6 6.Be2 e5 7.Be3 c6 8.O-O exd4
9.Bxd4 Re8 10.Qc2 Qe7 11.Rfe1 Nbd7 12.h3 c5 13.Nd5 Qd8 14.Bc3 Nxe4 15.Bxg7 Kxg7
16.Bd3 Nef6 17.Qc3 Kg8 18.Rxe8+ Nxe8 19.Re1 Ndf6 20.Ne7+ Kg7 21.Ng5 Bd7 22.h4 h6
23.Nxf7 Kxf7 24.Bxg6+ Kg7 25.Bxe8 Bxe8 26.Re3  1-0

[Event "Ubeda op"]
[Site "Ubeda"]
[Date "1997.??.??"]
[Round "5"]
[White "Nor, Igal"]
[Black "Relange, Eloi"]
[Result "0-1"]
[WhiteElo "2365"]
[BlackElo "2480"]

1.d4 Nf6 2.c4 g6 3.Nc3 Bg7 4.e4 d6 5.Nf3 O-O 6.Be2 e5 7.d5 a5 8.Bg5 h6 9.Bh4 Na6
10.Nd2 Qe8 11.O-O Bd7 12.Bxf6 Bxf6 13.Bg4 h5 14.Bxd7 Qxd7 15.Rb1 c5 16.a3 Bg5
17.Nf3 Bh6 18.Ne1 Nc7 19.Nc2 b5 20.b4 cxb4 21.axb4 bxc4 22.b5 Rab8 23.Ne3 Na8
24.Na4 Qc7 25.Qc2 Rfc8 26.Qc3 Nb6 27.Qxa5 c3 28.Nxb6 Qxb6 29.Qxb6 Rxb6 30.Nc2 Rc5
31.Ne3 c2 32.Rbc1 Rbxb5 33.Rfe1 Rb4 34.f3 Rb1 35.Kf2 Rxc1 36.Rxc1 Rc3  0-1

[Event "JUG Cup"]
[Site "Ulcinj"]
[Date "1997.??.??"]
[Round "?"]
[White "Nikcevic, Nebojsa"]
[Black "Dimitrov, Vladimir"]
[Result "1/2-1/2"]
[WhiteElo "2540"]
[BlackElo "2475"]

1.d4 Nf6 2.c4 g6 3.Nc3 Bg7 4.e4 d6 5.Nf3 O-O 6.Be2 Na6 7.O-O e5 8.Re1 c6
9.Bf1 exd4 10.Nxd4 Ng4 11.h3 Qb6 12.hxg4 Qxd4 13.g5 Nc5 14.Bf4 Qxd1 15.Raxd1 Be5
16.g3 Re8 17.Rxd6 Bxd6 18.Bxd6 Ne6 19.f4 Rd8 20.e5 Nd4 21.Kf2 Nf5 22.c5 Be6
23.Bg2 Kg7 24.Rh1 Rh8 25.g4 Nxd6 26.cxd6 Bxg4 27.Rh6 Bf5 28.Be4 Be6 29.Bf3 Raf8
30.Ne4 Bxa2 31.f5 gxf5 32.Nf6 Ra8 33.Ke3 Kf8 34.Bg2 Be6 35.Kf4 a5 36.Bh3 a4  1/2-1/2

[Event "JUG Cup"]
[Site "Ulcinj"]
[Date "1997.??.??"]
[Round "?"]
[White "Gligoric, Svetozar"]
[Black "Arsovic, Zoran"]
[Result "0-1"]
[WhiteElo "2465"]
[BlackElo "2425"]

1.d4 Nf6 2.c4 g6 3.Nc3 Bg7 4.e4 d6 5.Nf3 O-O 6.Be2 Na6 7.O-O e5 8.Re1 c6
9.Bf1 exd4 10.Nxd4 Ng4 11.h3 Qb6 12.hxg4 Qxd4 13.Qf3 Qe5 14.Bf4 Qe7 15.Qg3 Be5
16.g5 Nc5 17.Rad1 Re8 18.Rxd6 Qxd6  0-1

[Event "JUG Cup"]
[Site "Ulcinj"]
[Date "1997.??.??"]
[Round "?"]
[White "Djukanovic, Sreten"]
[Black "Antic, Dejan"]
[Result "1-0"]
[WhiteElo "2265"]
[BlackElo "2450"]

1.d4 Nf6 2.c4 g6 3.Nc3 Bg7 4.e4 d6 5.Nf3 O-O 6.Be2 e5 7.O-O Nh5 8.Re1 Bg4
9.Bg5 f6 10.Be3 Nc6 11.d5 Ne7 12.h3 Bd7 13.c5 f5 14.cxd6 cxd6 15.Rc1 Nf6
16.Qb3 Nxe4 17.Nxe4 fxe4 18.Ng5 Nf5 19.Nxe4 Nxe3 20.Qxe3 Qh4 21.Rc4 b5 22.Rc7 Bh6
23.Qd3 Bf5 24.Bf3 a6 25.Rc6 Qe7 26.Qa3 Rfd8 27.Rxa6 b4 28.Qa4 Rxa6 29.Qxa6 Qc7
30.Qc6 Qa5 31.Ra1 Bf8 32.Qc4 Rc8 33.Qb3 Ra8 34.a3 Be7 35.Ng3 Bd7 36.Bg4 Bxg4
37.hxg4 Qc5 38.Ne4 Qd4 39.Re1 bxa3 40.bxa3 Qa7 41.Re3 Rb8 42.Qc4 Qd7 43.Rf3 Rc8
44.Qb4 Kg7 45.g3 Ra8 46.Nc3 Rc8 47.a4 Rc5 48.Kg2 Bd8 49.g5 Qc7 50.Nb5 Qd7
51.Qh4 Kg8 52.Nc3 Qc7 53.Ne4 Rxd5 54.Qg4 Rd4 55.Qe6+ Kg7 56.Nf6 Qf7 57.Nh5+  1-0

[Event "JUG Cup"]
[Site "Ulcinj"]
[Date "1997.??.??"]
[Round "?"]
[White "Biljanic, Ljubomir"]
[Black "Popadic, Dragan"]
[Result "1/2-1/2"]
[WhiteElo "2185"]
[BlackElo "2170"]

1.d4 Nf6 2.c4 g6 3.Nc3 Bg7 4.Nf3 O-O 5.e4 d6 6.Be2 e5 7.dxe5 dxe5 8.Qxd8 Rxd8
9.Nd5 Nxd5 10.cxd5 c6 11.Bc4 b5 12.Bb3 Bb7 13.Bg5 Re8 14.Rc1 h6 15.Be3 a5
16.a4 bxa4 17.Bxa4 Rc8 18.O-O cxd5 19.exd5 Rd8 20.Rfd1 e4 21.Rc7 Bxd5 22.Rc5 Na6
23.Rcxd5 Rxd5 24.Rxd5 exf3 25.Rxa5 Bxb2 26.Bc6 Rd8 27.Bxf3 Nc7 28.Bxh6 Ne6
29.g3 Nd4 30.Be4 Bc3 31.Ra6 Nb5 32.Bg5 Rb8 33.Bd5 Kg7 34.Rc6 Be5 35.Kg2 Nd4
36.Ra6 Nb5 37.Rc6 Nd4 38.Rc5 Bd6 39.Rc4 Rb4 40.Rxb4 Bxb4 41.Bc1 Bc3 42.Bc4 Kf6
43.h4 Kg7 44.Bg5 f6 45.Bf4 Nc6 46.Be6 f5 47.Bd7 Ne5 48.Be8 Kf6 49.Bg5+ Kg7
50.Be7 Bd4 51.Kf1 Ng4 52.f3 Nf6 53.Bc6 Be5 54.Kf2 Kf7 55.Bd8 Bd4+ 56.Kg2 Be5
57.Bb6 Ke7 58.Ba4 Kf7 59.Kh3 Nh5 60.Bf2 Kf6 61.Bd1 Kg7 62.Kg2 Kf7 63.Bb3+ Kf6
64.Bd5 Kg7 65.Bc6 Kf6 66.f4 Bc3 67.Kf3 Ng7 68.Ke3 Bb2 69.Kd3 Ba1 70.Kc4 Ke6
71.Bd5+ Kf6 72.Kc5 Bc3 73.Kd6 Nh5 74.Bf3 Kf7 75.Bd5+ Kf6 76.Kd7 Bb2 77.Ke8 Kg7
78.Ke7 Nf6 79.Bf3 Bc3 80.Ke6 Kh6 81.Bc5 Ne4 82.Bxe4 fxe4 83.Be3 Kh5 84.f5 gxf5
85.Kxf5 Be1 86.Kf4 Ba5 87.Bf2 Bd2+ 88.Be3 Ba5 89.Kf5 Be1 90.g4+ Kxh4 91.g5 Bc3
92.g6 Kh5 93.Bg5 Bg7 94.Bf6 Kh6 95.Bg5+ Kh5 96.Bf4 Bc3  1/2-1/2

[Event "JUG Cup"]
[Site "Ulcinj"]
[Date "1997.??.??"]
[Round "?"]
[White "Indjic, Dusan"]
[Black "Andrijasevic, Momir"]
[Result "1-0"]
[WhiteElo "2375"]
[BlackElo "2220"]

1.d4 Nf6 2.Nf3 g6 3.c4 Bg7 4.Nc3 O-O 5.e4 d6 6.Be2 e5 7.d5 Nbd7 8.Bg5 h6
9.Bh4 a5 10.Nd2 Nc5 11.b3 Bd7 12.Rb1 Nfxe4 13.Bxd8 Nxc3 14.Qc1 Nxb1 15.Bxc7 Nxd2
16.Qxd2 Rfc8 17.Bb6 Ra6 18.Bxc5 Rxc5 19.O-O b6 20.a3 Ra7 21.Qe3 f5 22.b4 axb4
23.axb4 f4 24.Qb3 Rc8 25.c5 bxc5 26.bxc5 dxc5 27.Qb6 Ra2 28.Bd3 c4 29.Bxg6 c3
30.Qb7 c2 31.Bxc2 Raxc2 32.Qxd7 Kh8 33.Qe6 R8c4 34.h4 e4 35.d6 e3 36.d7  1-0

[Event "JUG Cup (Women)"]
[Site "Ulcinj"]
[Date "1997.??.??"]
[Round "?"]
[White "Nestorovic, Irena"]
[Black "Zarkovic, Danijela"]
[Result "0-1"]
[WhiteElo "2060"]
[BlackElo "2095"]

1.d4 Nf6 2.c4 g6 3.Nc3 Bg7 4.Nf3 O-O 5.e4 d6 6.Be2 Nbd7 7.O-O e5 8.Be3 h6
9.h3 c6 10.Qd2 Kh7 11.Rfd1 Qe7 12.dxe5 dxe5 13.Qd6 Qxd6 14.Rxd6 Re8 15.a3 Bf8
16.Rd2 a5 17.Rad1 a4 18.Ne1 Bc5 19.Nd3 Bd4 20.Bf3 Bxe3 21.fxe3 Nb6 22.c5 Nc4
23.Rf2 Be6 24.Be2 Nd7 25.Bg4 Bxg4 26.hxg4 Kg7 27.Rdf1 Re7 28.Re1 Nf6 29.g5 hxg5
30.Rf3 Nd2 31.Rf2 Ndxe4 32.Nxe4 Nxe4 33.Rc2 f5 34.Nf2 Nxf2 35.Kxf2 Rd7 36.Rc4 Kf6
37.Ke2 Rad8 38.Kf2 Rd5 39.Re2 e4 40.Rec2 Rd2+ 41.Ke1 Rxc2 42.Rxc2 Ke5 43.Rc4 Rd5
44.Ke2 f4 45.exf4+ gxf4 46.Rxa4 Rxc5 47.Kd2 g5 48.Rb4 Rb5  0-1

[Event "JUG Cup (Women)"]
[Site "Ulcinj"]
[Date "1997.??.??"]
[Round "?"]
[White "Nestorovic, Irena"]
[Black "Bokan, Jelena"]
[Result "1/2-1/2"]
[WhiteElo "2060"]
[BlackElo "2120"]

1.d4 Nf6 2.c4 g6 3.Nc3 Bg7 4.e4 d6 5.Nf3 O-O 6.Be2 Nbd7 7.O-O e5 8.Be3 c6
9.h3 Qc7 10.Qc2 Re8 11.d5 cxd5 12.cxd5 a6 13.a4 b6 14.Rfc1 Bb7 15.Nd2 Rec8
16.Nc4 Ne8 17.Qb3 Rcb8 18.Nxb6 Nxb6 19.Bxb6 Bc8 20.a5 Bh6 21.Rc2 Qe7 22.Qa3 Qh4
23.Bf3 Bd7 24.Re1 f5 25.Na2 Rc8 26.Rxc8 Rxc8 27.Nc3 Bd2 28.Re2 Bxc3 29.bxc3 Bb5
30.Re3 Rc4 31.exf5 gxf5 32.Be2 Ra4 33.Qb2 Bxe2 34.Qxe2 Ra1+ 35.Kh2 Nf6 36.Bd8 f4
37.Rd3 Kf7 38.Rd1 Rxd1 39.Qxd1 Qxf2 40.Bxf6 Kxf6 41.Qd3 h5  1/2-1/2

[Event "Verona op"]
[Site "Verona"]
[Date "1997.??.??"]
[Round "2"]
[White "Lagrotteria, Salvatore"]
[Black "Martorelli, Antonio"]
[Result "1-0"]
[WhiteElo "2215"]
[BlackElo "2365"]

1.Nf3 Nf6 2.c4 g6 3.d4 Bg7 4.Nc3 O-O 5.e4 d6 6.Be2 Na6 7.O-O e5 8.d5 Nc5
9.Bg5 Qe8 10.Nd2 a5 11.b3 h5 12.a3 Nh7 13.Be3 Bd7 14.b4 Na4 15.Nxa4 Bxa4
16.Qb1 f5 17.f3 axb4 18.axb4 Bd7 19.c5 Rxa1 20.Qxa1 f4 21.Bf2 Rf7 22.Qa5 Bc8
23.cxd6 cxd6 24.Rc1 Bf6 25.Nc4 Rd7 26.Na3 Rf7 27.Nb5 Be7 28.Qc7 Rf8 29.Nxd6 Bxd6
30.Qxd6 g5 31.Bc5 Rf7 32.Qb8 g4 33.Bd6  1-0

[Event "Verona op"]
[Site "Verona"]
[Date "1997.??.??"]
[Round "6"]
[White "Sbarra, Marco"]
[Black "Agnelli, Francesco"]
[Result "1-0"]
[WhiteElo "2285"]
[BlackElo "2060"]

1.d4 Nf6 2.c4 g6 3.Nc3 Bg7 4.e4 d6 5.Nf3 O-O 6.Be2 e5 7.d5 a5 8.Bg5 Nbd7
9.Nd2 Nc5 10.O-O h6 11.Be3 Nfd7 12.b3 f5 13.f3 f4 14.Bf2 g5 15.a3 Nf6 16.b4 axb4
17.axb4 Rxa1 18.Qxa1 Ncd7 19.c5 Ne8 20.Nc4 Rf7 21.Qa8 Bf8 22.Na5 Be7 23.c6 Nb6
24.Nxb7  1-0

[Event "Verona op"]
[Site "Verona"]
[Date "1997.??.??"]
[Round "7"]
[White "Dallaglio, Giovanni"]
[Black "Turci, Stefano"]
[Result "1/2-1/2"]
[WhiteElo "2075"]
[BlackElo "2185"]

1.d4 Nf6 2.c4 d6 3.Nf3 g6 4.Nc3 Nbd7 5.e4 e5 6.Be2 Bg7 7.O-O O-O 8.Qc2 exd4
9.Nxd4 Re8 10.Rd1 c6 11.f3 a5 12.Bg5 Nc5 13.Bh4 Qb6 14.Bf2 a4 15.Rab1 Qb4
16.Be1 Qb6 17.Bf2 Qc7 18.b4 axb3 19.axb3 Nh5 20.b4 Ne6 21.g3 Ng5 22.Be3 Qe7
23.Qd2 h6 24.b5 c5 25.Nd5 Nh3+ 26.Kh1 Qd8 27.Nc2 f5 28.exf5 Bxf5 29.Rf1 g5
30.Bd3 Bxd3 31.Qxd3 Ra2 32.Nc3 Rxc2 33.Qxc2 Rxe3 34.Nd5 Re5 35.f4 gxf4 36.gxf4 Rxd5
37.cxd5 Qh4 38.Qg6 N5xf4 39.Qe8+ Kh7 40.Qe4+ Kg8 41.Qe8+ Kh7  1/2-1/2

[Event "AUT-chT qual"]
[Site "Vienna"]
[Date "1997.??.??"]
[Round "2"]
[White "Duer, Arne"]
[Black "Schlosser, Michael"]
[Result "0-1"]
[WhiteElo "2405"]
[BlackElo "2340"]

1.Nf3 g6 2.c4 Bg7 3.Nc3 d6 4.d4 Nf6 5.e4 O-O 6.Be2 e5 7.dxe5 dxe5 8.Qxd8 Rxd8
9.Bg5 Nbd7 10.O-O-O Rf8 11.Ne1 Nc5 12.f3 c6 13.Nc2 a5 14.Be3 Nfd7 15.b3 Bf6
16.Kb2 Bd8 17.Rd2 Bb6 18.a3 Ne6 19.Bxb6 Nxb6 20.Rhd1 Nc5 21.Ne3 Be6 22.g3 Rfe8
23.Rf1 Kf8 24.Rdd1 Red8 25.Rxd8+ Rxd8 26.Rd1 Ra8 27.Kc2 Ke7 28.Kb2 f6 29.Kc2 Bf7
30.Kb2 Ne6 31.Nc2 Nc5 32.Ne3 Bg8 33.Bf1 Ne6 34.Nc2 Ng5 35.f4 exf4 36.gxf4 Ne6
37.f5 Ng5 38.Ne3 Nf3 39.fxg6 hxg6 40.Bh3 Ne5 41.Ng4 Nbd7 42.Nxe5 Nxe5 43.Rg1 Bf7
44.Rg3 Rh8 45.Na4 Rh4 46.Nc5 b6 47.Na4 b5 48.cxb5 cxb5 49.Nc3 b4 50.axb4 axb4
51.Nd5+ Bxd5 52.exd5 Rd4 53.Bg2 f5 54.Kc2 f4 55.Rh3 Kd6 56.Rh6 f3 57.Bf1 Kxd5
58.Rh8 Ke4 59.h4 Ng4 60.Re8+ Kf4 61.Bd3 Ne3+ 62.Kd2 f2 63.Rf8+ Nf5  0-1

[Event "Villa Ballester op"]
[Site "Villa Ballester"]
[Date "1997.??.??"]
[Round "4"]
[White "Sorokin, Maxim"]
[Black "Peralta, Fernando"]
[Result "1-0"]
[WhiteElo "2560"]
[BlackElo "2310"]

1.Nf3 Nf6 2.c4 g6 3.Nc3 Bg7 4.e4 d6 5.d4 O-O 6.Be2 e5 7.O-O exd4 8.Nxd4 Re8
9.f3 Nc6 10.Nc2 Nh5 11.Nd5 f5 12.exf5 Bxf5 13.Bd3 Bxd3 14.Qxd3 Ne5 15.Qb3 c6
16.Nde3 Nf4 17.Bd2 Ned3 18.g3 Nc5 19.Qa3 Ne2+ 20.Kg2 a5 21.Rae1 Nd4 22.Nxd4 Bxd4
23.Ng4 h5 24.Rxe8+ Qxe8 25.Be3 Bg7 26.Bxc5 dxc5 27.Nf2 Qe2 28.Qd3 Qxd3 29.Nxd3 Rd8
30.Rd1 b5 31.b3 a4 32.Kf1 bxc4 33.bxc4 Bc3 34.f4 a3 35.Ke2 Re8+ 36.Kf3 Rd8
37.Nf2 Rb8 38.Rd3 Bb2 39.Rd6 Bd4 40.Nd3 Kf7 41.Rxc6 Rb1 42.Ra6 Bb2 43.Ra7+ Kg8
44.Nxc5 Rh1 45.Ne6 Rxh2 46.c5 Rc2 47.Ke4 Rc3 48.Rg7+ Kh8 49.Rxg6  1-0

[Event "Villa Ballester op"]
[Site "Villa Ballester"]
[Date "1997.??.??"]
[Round "6"]
[White "Anelli, Antonio"]
[Black "Giaccio, Alfredo"]
[Result "1/2-1/2"]
[WhiteElo "2305"]
[BlackElo "2460"]

1.c4 Nf6 2.Nc3 g6 3.d4 Bg7 4.e4 d6 5.Be2 O-O 6.Nf3 Na6 7.O-O e5 8.d5 Nc5
9.Qc2 a5 10.Bg5 h6 11.Be3 Nh5 12.g3 b6 13.Nd2 Bh3 14.Bxh5 Bxf1 15.Nxf1 gxh5
16.Bxc5 bxc5 17.Ne3 h4 18.Nf5 hxg3 19.hxg3 Kh7 20.Nb5 Rg8 21.Qd2 Bf8 22.Kg2 Rg6
23.Rh1 a4 24.Rc1 Qd7 25.Rc3 Rg4 26.Qe2 Rg5 27.Qc2 Be7 28.Ra3 h5 29.Rxa4 Rxa4
30.Qxa4 Rxf5 31.exf5 Qxf5 32.Qd1 e4 33.Qe2 Bf6 34.a4 h4 35.a5 Bd4 36.a6 e3
37.fxe3 Qe4+ 38.Kh2 hxg3+ 39.Kxg3 Be5+ 40.Kf2 Qh4+ 41.Kg1 Qg5+ 42.Kf1 Qf5+
43.Ke1 Qb1+ 44.Kf2 Qf5+ 45.Ke1 Qb1+ 46.Qd1 Qxb2 47.Qh5+ Kg7 48.Qg4+ Kh6 49.a7 Qc1+
50.Kf2 Qc2+ 51.Qe2 Qf5+ 52.Qf3 Qc2+ 53.Kg1 Qc1+ 54.Kg2 Qc2+ 55.Qf2 Qe4+ 56.Qf3 Qg6+
57.Kf1 Qb1+ 58.Kf2 Qc2+ 59.Qe2 Qf5+ 60.Kg1 Qb1+ 61.Qf1 Qg6+  1/2-1/2

[Event "Villa Ballester op"]
[Site "Villa Ballester"]
[Date "1997.??.??"]
[Round "6"]
[White "Sorokin, Maxim"]
[Black "Quinteros, Miguel A"]
[Result "1/2-1/2"]
[WhiteElo "2560"]
[BlackElo "2510"]

1.d4 Nf6 2.Nf3 g6 3.c4 Bg7 4.Nc3 O-O 5.e4 d6 6.Be2 e5 7.O-O Na6 8.Re1 c6
9.Bf1 Bg4 10.d5 c5 11.a3 Kh8 12.Bg5 Qb8 13.h3 Bd7 14.Bd3 Ng8 15.g4 f6 16.Bd2 Bh6
17.Kh2 Bxd2 18.Qxd2 g5 19.Ne2 Ne7 20.Ng3 Ng6 21.Nh5 Rf7 22.Rg1 Qf8 23.Be2 Re8
24.Qa5 Bc8 25.Qc3 Ree7 26.Bd1 Bd7 27.Qa5 Bc8 28.Qc3 Nc7 29.Ba4 Kg8 30.b4 b6
31.bxc5 bxc5 32.Rab1 Nf4 33.Nxf4 exf4 34.e5 fxe5 35.Nxg5 Rf6 36.Ne4 Rh6 37.f3 Qd8
38.Qe1 Na8 39.h4 Kh8 40.Bc2 Nb6 41.Bd3 Rf7 42.h5 Rg7 43.Rg2 Bf5 44.Kg1 Bxe4
45.Qxe4  1/2-1/2

[Event "Mikenas mem op"]
[Site "Vilnius"]
[Date "1997.??.??"]
[Round "?"]
[White "Gleizerov, Evgeny"]
[Black "Kovalev, Andrei"]
[Result "1/2-1/2"]
[WhiteElo "2545"]
[BlackElo "2405"]

1.d4 Nf6 2.c4 g6 3.Nc3 Bg7 4.e4 O-O 5.Nf3 d6 6.Be2 e5 7.O-O Nh5 8.dxe5 dxe5
9.Qxd8 Rxd8 10.Bg5 f6 11.Rfd1 Re8 12.Be3 c6 13.g3 Bf8 14.a3 Be6 15.Nd2 Nd7
16.b4 b6 17.Nb3  1/2-1/2

[Event "CHI-ch"]
[Site "Vina del Mar"]
[Date "1997.??.??"]
[Round "2"]
[White "Rivera, Guillermo"]
[Black "Egger, Jorge"]
[Result "0-1"]
[WhiteElo "2135"]
[BlackElo "2410"]

1.c4 g6 2.Nc3 Bg7 3.Nf3 d6 4.d4 Nf6 5.e4 O-O 6.Be2 e5 7.dxe5 dxe5 8.Qxd8 Rxd8
9.Bg5 c6 10.Nxe5 Re8 11.O-O-O Na6 12.Rd6 Be6 13.f4 Nc5 14.Bxf6 Bxf6 15.Rhd1 Bxe5
16.fxe5 a5 17.R1d4 Kf8 18.Kd2 Ke7 19.Ke3 a4 20.Bd1 Ra6 21.Ne2 Rb6 22.Rd2 Bxc4
23.Rc2 Bxe2 24.Rxe2 Rb4 25.Rd4 Rxd4 26.Kxd4 b6 27.Kc3 Ke6 28.Bc2 Kxe5 29.Rf2 f6
30.Rd2 b5 31.b4 axb3 32.axb3 Ra8 33.b4 Nxe4+ 34.Bxe4 Kxe4  0-1

[Event "CHI-ch"]
[Site "Vina del Mar"]
[Date "1997.??.??"]
[Round "3"]
[White "Rioseco, Fernando"]
[Black "Valenzuela, Luis"]
[Result "0-1"]
[WhiteElo "2020"]
[BlackElo "2355"]

1.d4 Nf6 2.Nf3 g6 3.c4 Bg7 4.Nc3 O-O 5.e4 d6 6.Be2 e5 7.d5 a5 8.Bg5 h6 9.Bh4 Na6
10.Nd2 Qe8 11.O-O Bd7 12.b3 Nh7 13.a3 h5 14.f3 Bh6 15.Kh1 Be3 16.Bf2 Bxf2
17.Rxf2 Qe7 18.Nf1 h4 19.Qd2 f5 20.exf5 gxf5 21.f4 Nc5 22.Rb1 Nf6 23.Bd3 Ng4
24.Re2 Qg7 25.h3 Nxd3 26.Qxd3 e4 27.Qd2 Nf6 28.Qd4 Kf7 29.Ne3 Rg8 30.Rf2 Nh5
31.Qxg7+ Rxg7 32.Ne2 c5 33.a4 Rag8 34.Re1 Kf6 35.Nf1 Ng3+ 36.Kg1 e3 37.Rf3  0-1

[Event "CHI-ch"]
[Site "Vina del Mar"]
[Date "1997.??.??"]
[Round "7"]
[White "Valenzuela, Luis"]
[Black "Rivera, Guillermo"]
[Result "1-0"]
[WhiteElo "2355"]
[BlackElo "2135"]

1.d4 Nf6 2.c4 g6 3.Nc3 Bg7 4.e4 d6 5.Be2 O-O 6.Nf3 e5 7.d5 a5 8.Bg5 h6 9.Bh4 Na6
10.Nd2 Qe8 11.O-O Nh7 12.a3 Bf6 13.Bxf6 Nxf6 14.b4 Bd7 15.Rb1 axb4 16.axb4 Qe7
17.Qc2 Kg7 18.Na2 b6 19.Nc1 h5 20.Nd3 Ng4 21.Qc3 f5 22.f3 Nf6 23.Ra1 fxe4
24.Nxe4 Nxe4 25.fxe4 Qg5 26.Qc1 Rxf1+ 27.Bxf1 Qd8 28.Ra2 c6 29.dxc6 Be6 30.b5 Nc7
31.Nb4 Rxa2 32.Nxa2 Nxb5 33.cxb5 Bxa2 34.Bc4 Bxc4 35.Qxc4 Qc7 36.Qe6  1-0

[Event "Zagorovsky mem"]
[Site "Voronezh"]
[Date "1997.??.??"]
[Round "?"]
[White "Vladimirov, Boris T"]
[Black "Ljavdansky, Vladimir"]
[Result "1/2-1/2"]
[WhiteElo "2370"]
[BlackElo "2305"]

1.d4 Nf6 2.c4 g6 3.Nc3 Bg7 4.Nf3 O-O 5.e4 d6 6.Be2 e5 7.dxe5 dxe5 8.Qxd8 Rxd8
9.Nd5 Nxd5 10.cxd5 c6 11.Bc4 cxd5  1/2-1/2

[Event "Zagorovsky mem op"]
[Site "Voronezh"]
[Date "1997.??.??"]
[Round "?"]
[White "Tunik, Gennady"]
[Black "Lutsko, Igor"]
[Result "1/2-1/2"]
[WhiteElo "2460"]
[BlackElo "2410"]

1.d4 Nf6 2.c4 g6 3.Nc3 Bg7 4.e4 d6 5.Nf3 O-O 6.Be2 Na6 7.O-O e5 8.Be3 Ng4
9.Bg5 Qe8 10.dxe5 Nxe5 11.Nxe5 Qxe5 12.Qd2 Nc5 13.Bf4 Qd4 14.Qc2 f5 15.Rad1 Qf6
16.Nd5 Qf7 17.exf5 Bxf5 18.Qc1 Rae8 19.Be3 a5 20.Nc3 Kh8 21.b3 Re7 22.Nb5 Rfe8
23.Bf3 Be4 24.Bxe4 Rxe4 25.Qd2 b6 26.Rfe1 Na6 27.f3 R4e7 28.Bf2 a4 29.Rxe7 Rxe7
30.Re1 Rxe1+ 31.Qxe1 axb3 32.axb3 Nc5 33.Nxc7 Be5 34.Nd5 Nxb3 35.Bxb6 Qf5
36.Bf2 Kg7 37.Ne3 Qd3 38.Ng4 Bf6 39.Qe6 Qd1+ 40.Be1 Bd4+ 41.Kh1 h5 42.Qe7+ Kh8
43.Nf6 Bxf6 44.Qxf6+ Kh7 45.Qe7+ Kg8 46.h3 Nd2 47.Kh2 Nf1+ 48.Kg1 Ng3 49.Qe6+ Kh7
50.Qe7+ Kg8 51.h4 Ne2+ 52.Kf1 Nf4 53.Qe4 Qd3+ 54.Qxd3 Nxd3 55.Bc3 Kf7 56.g3 Ke6
57.Ke2 Nc5 58.Bb4 Na6 59.Ba3 d5 60.c5 d4 61.Kd3 Kd5 62.c6 Nc7 63.Bb2 Ne6
64.Bxd4 Kxc6 65.Ke4 Kd6 66.Be5+ Ke7 67.Kd5 Nd8 68.Bb2 Nf7 69.Bc3 Nh6 70.Ke5 Nf7+
71.Kf4 Ke6 72.g4 hxg4 73.fxg4 Kd5 74.h5 gxh5 75.gxh5 Ke6 76.Bb2 Ke7 77.Kf5 Kf8
78.Kg6 Kg8 79.Bc3 Nh8+  1/2-1/2

[Event "Atlantic op"]
[Site "Washington DC"]
[Date "1997.??.??"]
[Round "3"]
[White "Friedman, Josef"]
[Black "Ariel, Donny"]
[Result "0-1"]
[WhiteElo "2250"]
[BlackElo "2250"]

1.d4 Nf6 2.c4 g6 3.Nc3 Bg7 4.e4 d6 5.Nf3 O-O 6.Be2 e5 7.dxe5 dxe5 8.Qxd8 Rxd8
9.Bg5 Re8 10.O-O-O h6 11.Bh4 Na6 12.Ne1 c6 13.Nd3 Nd7 14.f3 Nf8 15.Bg3 Nc7
16.b4 Nd7 17.Rhe1 Ne6 18.Bf1 a5 19.b5 Nec5 20.Nb2 a4 21.Nd3 Nxd3+ 22.Bxd3 Nc5
23.Bf1 Be6 24.bxc6 bxc6 25.Rd6 Rec8 26.Nd1 Rab8 27.Kc2 a3 28.Re3 Ra8 29.Rc3 Ra4
30.Bf2 Nb7 31.Rd2 Bf8 32.Rb3 Na5 33.Rb6 Rxc4+ 34.Kb1 Rb4+ 35.Rxb4 Bxb4 36.Rc2 Rd8
37.Kc1 Nb3+ 38.axb3 Bxb3 39.Nc3 Bxc3  0-1

[Event "Wattens op"]
[Site "Wattens"]
[Date "1997.??.??"]
[Round "?"]
[White "Ritz, Thomas"]
[Black "Neumeier, Klaus"]
[Result "0-1"]
[WhiteElo "2105"]
[BlackElo "2250"]

1.Nf3 d6 2.d4 Nf6 3.c4 g6 4.Nc3 Bg7 5.e4 O-O 6.Be2 e5 7.dxe5 dxe5 8.Qxd8 Rxd8
9.Bg5 Na6 10.O-O Bg4 11.Rfd1 c6 12.h3 Bxf3 13.Bxf3 Nc5 14.Be3 Bf8 15.Rxd8 Rxd8
16.Rd1 Rxd1+ 17.Bxd1 a5 18.Bc2 Nfd7 19.Na4 Nxa4 20.Bxa4 Bc5 21.Bxc5 Nxc5
22.Bc2 Kf8 23.f3 Ke7 24.Kf2 Kd6 25.Ke3 Ne6 26.Bd3 Kc5 27.Bf1 Kb4 28.Kd2 a4
29.Kc2 Nd4+ 30.Kd2 Ne6 31.Kc2 a3 32.Bd3 b6 33.Kc1 Nc5 34.Be2 Na4 35.bxa3+ Kxa3
36.Bd1 Nc3 37.Bb3 Nxa2+ 38.Kc2 Nc1  0-1

[Event "Wattens op"]
[Site "Wattens"]
[Date "1997.??.??"]
[Round "?"]
[White "Ritz, Thomas"]
[Black "Netolitzky, Gregor"]
[Result "1-0"]
[WhiteElo "2105"]
[BlackElo "2225"]

1.Nf3 Nf6 2.c4 g6 3.Nc3 Bg7 4.d4 O-O 5.e4 d6 6.Be2 e5 7.dxe5 dxe5 8.Qxd8 Rxd8
9.Bg5 Re8 10.h3 c6 11.O-O-O Nbd7 12.Ne1 Nc5 13.f3 Ne6 14.Be3 Nh5 15.Nc2 Nhf4
16.Bf1 Bf8 17.g3 Nh5 18.Rg1 Bc5 19.Bxc5 Nxc5 20.Ne2 a5 21.g4 Ng7 22.Nc3 Nge6
23.h4 Nf4 24.Ne1 Nfe6 25.Nd3 Nxd3+ 26.Bxd3 a4 27.Ne2 Nc5 28.Bc2 Be6 29.b3 b5
30.cxb5 cxb5 31.b4 Bc4 32.bxc5 Bxe2 33.Rd2 Bxf3 34.Rg3 Bxg4 35.Rxg4 Rac8
36.Rd5 f6 37.Rg3 Re6 38.Bd3 Rec6 39.Kd2 Rxc5 40.Rxc5 Rxc5 41.Bc2 Rc4 42.Rc3 Rd4+
43.Ke3 Kg7 44.Rc7+ Kh6 45.Rf7 Rb4 46.a3 Rb2 47.Kd2 Ra2 48.Rxf6 Rxa3 49.Rb6 Kg7
50.Rxb5 Kf6 51.Rb7 h6 52.Rb6+ Kf7 53.h5 gxh5 54.Rxh6 Rh3 55.Bxa4 h4 56.Bd7 Rh1
57.Bf5 Kg7 58.Rh5 Kf6 59.Ke2 Ra1 60.Rxh4 Ra2+ 61.Kf3  1-0

[Event "Wuerttemberg-ch"]
[Site "Willsbach"]
[Date "1997.??.??"]
[Round "4"]
[White "Maurischat, Philipp"]
[Black "Rist, Manfred"]
[Result "1/2-1/2"]
[WhiteElo "2035"]
[BlackElo "2195"]

1.d4 g6 2.c4 Bg7 3.e4 d6 4.Nc3 Nf6 5.Nf3 O-O 6.Be2 e5 7.d5 a5 8.Bg5 Na6 9.Nd2 Qe8
10.O-O h5 11.a3 Bd7 12.b3 Nh7 13.Be3 f5 14.exf5 gxf5 15.Bxh5 Qe7 16.Ndb1 f4
17.Bc1 Qg5 18.Ne4 Qh4 19.Nbc3 Nf6 20.g3 Qh3 21.Bf3 Ng4 22.Bxg4 Bxg4 23.f3 fxg3
24.hxg3 Rxf3 25.Rxf3 Qh5 26.Kg2 Qh3+ 27.Kf2 Bxf3 28.Kxf3 Rf8+ 29.Ke3 Rf1
30.Qe2 Bh6+ 31.Kd3 Bxc1 32.Kc2 Qh1 33.Na2 Re1 34.Qg4+ Kf7 35.Qf5+ Kg7 36.Qg4+ Kf8
37.Qf5+ Kg7 38.Qf6+ Kg8 39.Qg6+ Kf8 40.Qf6+ Kg8 41.Qg6+ Kf8 42.Qf5+ Kg7 43.Qf6+  1/2-1/2